| 000 | 00531nam a2200193 a 4500 | ||
|---|---|---|---|
| 005 | 20210219155701.0 | ||
| 008 | 070417s2004 mx r 000 0 spa d | ||
| 020 | _a8434413000 | ||
| 035 | _aUPN01000150066 | ||
| 049 | _aCG | ||
| 050 | 4 |
_aPN4801 _bH5.7 |
|
| 245 | 0 | 0 |
_aHistoria del periodismo universal / _ccoord. Carlos Barrera. |
| 260 |
_aBarcelona, Esp. : _bAriel, _c2004. |
||
| 300 | _a417 p. | ||
| 440 | 0 | _aAriel comunicación | |
| 650 | 4 |
_aPERIODISMO - _xHISTORIA |
|
| 700 | 1 |
_aBarrera, Carlos, _ecoord. |
|
| 905 | _aLibro | ||
| 999 |
_c122207 _d122207 |
||